000 01493nam a2200361 a 4500
001 ebr10516613
003 CaPaEBR
006 m u
007 cr cn|||||||||
008 850814s1985 nyua sb 001 0 eng d
010 _z 85019972
020 _z0930403010
020 _z9780930403010
020 _z9781600863554 (e-book)
040 _aCaPaEBR
_cCaPaEBR
035 _a(OCoLC)301341503
050 1 4 _aTL797
_b.S63 1985eb
245 0 0 _aSpace stations and space platforms
_h[electronic resource] :
_bconcepts, design, infrastructure, and uses /
_cedited by Ivan Bekey, Daniel Herman.
260 _aNew York :
_bAmerican Institute of Aeronautics and Astronautics,
_cc1985.
300 _axii, 392 p. :
_bill.
490 1 _aProgress in astronautics and aeronautics ;
_vv. 99
500 _aPage 387-392 publisher's list.
504 _aIncludes bibliographies and index.
533 _aElectronic reproduction.
_bPalo Alto, Calif. :
_cebrary,
_d2013.
_nAvailable via World Wide Web.
_nAccess may be limited to ebrary affiliated libraries.
650 0 _aSpace stations.
655 7 _aElectronic books.
_2local
700 1 _aBekey, Ivan.
700 1 _aHerman, Daniel,
_d1927-
710 2 _aAmerican Institute of Aeronautics and Astronautics.
710 2 _aebrary, Inc.
830 0 _aProgress in astronautics and aeronautics ;
_vv. 99.
856 4 0 _uhttp://site.ebrary.com/lib/rucke/Doc?id=10516613
_zAn electronic book accessible through the World Wide Web; click to view
999 _c224186
_d224186